00318pab a2200121 454500008004000000100001800040245006500058260000900123300001100132362001400143650002000157773001900177180718b1987 xxu||||| |||| 00| 0 eng d aChandel, S.S. aNeed for restructuring the precommision training in the army c1987 a162-70 aApr.-Jan. aTraining - Army aU.S.I. Journal